[Event "Ubeda op 2nd"]
[Site "Ubeda"]
[Date "1997.??.??"]
[Round "4"]
[White "Krakops, Maris"]
[Black "Khalifman, Alexander"]
[Result "0-1"]
[WhiteElo "2440"]
[BlackElo "2650"]
[PlyCount "64"]
[EventDate "1997.02.??"]
[EventType "swiss"]
[EventRounds "10"]
[EventCountry "ESP"]
[SourceTitle "CBM 056 Extra"]
[Source "ChessBase"]
[SourceDate "1997.03.01"]
[SourceVersion "1"]
[SourceVersionDate "1997.03.01"]
[SourceQuality "1"]

1. e4 c6 2. d4 d5 3. e5 c5 4. dxc5 Nc6 5. Bb5 e6 6. Be3 Nge7 7. c3 Bd7 8. Bxc6
Nxc6 9. Nf3 Qc7 10. O-O Nxe5 11. Nxe5 Qxe5 12. Bd4 Qf5 13. Qe2 f6 14. Na3 Be7
15. f4 O-O 16. Rae1 Rfe8 17. Kh1 a6 18. Qd2 Bd8 19. Bg1 Bc7 20. Nc2 Rad8 21. h3
Kh8 22. Bh2 Qh5 23. Rf2 Bb8 24. Rfe2 h6 25. Nd4 e5 26. fxe5 fxe5 27. Nf3 Bxh3
28. Nxe5 Bf5 29. g4 Be4+ 30. Kg1 Qh4 31. Ng6+ Bxg6 32. Rxe8+ Bxe8 0-1

[Event "Ubeda"]
[Site "Ubeda"]
[Date "1997.02.07"]
[Round "1"]
[White "Andersson, Ulf"]
[Black "Khalifman, Alexander"]
[Result "1/2-1/2"]
[WhiteElo "2655"]
[BlackElo "2650"]
[Annotator "Har Zvi,R"]
[PlyCount "81"]
[EventDate "1997.02.07"]
[EventType "tourn"]
[EventRounds "11"]
[EventCountry "ESP"]
[EventCategory "16"]
[SourceTitle "CBM 058"]
[Source "ChessBase"]
[SourceDate "1997.06.01"]
[SourceVersion "1"]
[SourceVersionDate "1997.06.01"]
[SourceQuality "1"]

1. Nf3 g6 2. e4 Bg7 3. d4 d6 4. Nc3 Nf6 5. Be2 O-O 6. O-O c6 7. h3 Nbd7 (7...
b5 8. e5 $1 Ne8 9. Ne4 $6 (9. Bf4 $16) 9... Bf5 10. Ng3 Be6 $14 11. a4 b4 12.
c4 bxc3 13. bxc3 Bd5 14. Re1 Nd7 15. Bf4 $6 (15. exd6 Nxd6 16. Bf4) 15... dxe5
$1 16. Nxe5 Nxe5 17. Bxe5 Bxe5 18. dxe5 Qa5 $11 {Karpov,A-Hort,V Nice (olm) 17/
192 [Geller,EY]}) (7... Na6 8. Re1 Nc7 9. Bf1 d5 10. e5 Nfe8 11. Ne2 Ne6 12.
Nf4 N8c7 13. Nd3 $1 $14 {[%csl Rc7,Re6] a good leason of exchanging pieces
both the e6 and c7 knights occoupy the same square "e6" since black want to
exchange on f4 and play Ne6. Geller,EY-Ciocaltea Malta (olm) 1980 30/177 
[Geller,EY]}) 8. Bf4 (8. e5 dxe5 (8... Nd5 9. exd6 exd6 (9... Nxc3 $2 10. dxe7)
10. Nxd5 cxd5 11. c3 $14 {[%csl Rd5,Rd6] Hracek,Z-Hickel,J Altensteig 1995}) (
8... Ne8 $142 {the main line} 9. Re1 (9. Bf4 Qa5 (9... dxe5 {54/(121)}) 10.
exd6 Nxd6 11. Re1 Nb6 12. Bf1 Be6 13. Be5 Bh6 $13 {Westerinen,H-Ftacnik,L
Hamburg 1995 65/115 [ Ftacnik,L]})) 9. dxe5 Nd5 (9... Ne8 10. Bg5) 10. Nxd5
cxd5 11. Bf4 (11. Qxd5 Nxe5 12. Qxd8 Nxf3+ 13. Bxf3 Rxd8) 11... Nc5 (11... Qc7
12. Qxd5 Qxc2 13. Bb5 Qc5 14. Qxc5 Nxc5 15. Rac1 Ne6 16. Be3 b6 17. Bc6 Rb8 18.
Rfd1 $14 {/+/- Yermolinsky,A-Azmaiparashevili,Z Kujbsev 1986}) 12. Qd2 Be6 (
12... Ne6 {29/170}) (12... Re8 $140 13. Bh6 Bh8) 13. Bh6 $14 {Dreev,A-Hickel,J
Nussloch 1996 66/88 [Dreev,A]}) 8... Qa5 9. Qd2 e5 {well black has already
equalized,but no more than that,normally as I understand this line,if you wish
to make a quick draw with white play it!!} 10. Be3 (10. dxe5 dxe5 11. Bh6 Qc7 (
11... Re8 12. Bxg7 Kxg7 13. a3 Qc7 $11 {Kramnik,V-Kasparov,G Moscow Pca-Gp 4.4
1996 Blitz}) 12. Bxg7 Kxg7 13. Qe3 Re8 14. a4 Nf8 15. Rfd1 {1/2-1/2 Horvath,
J-Piket,J WchT Luzern 1989}) 10... Re8 11. dxe5 (11. Rfe1 Qc7 12. dxe5 dxe5 13.
a4 Bf8 14. Bc4 Nb6 15. Bb3 Be6 $11 {Chiburdanidze,M-Gaprindashvili,N WchW
Pitsunda 1978}) 11... dxe5 12. Nd5 Qxd2 13. Nxf6+ Nxf6 14. Nxd2 $11 Be6 15. f3
b5 (15... Nh5 16. Bc4 Rad8 17. Bxe6 Rxe6 18. Nc4 b5 19. Rad1 $140 $1 $16 Rxd1
$6 20. Rxd1 bxc4 $2 21. Rd8+ Bf8 22. Bc5 (22. Bh6 $4 Ng7 $19)) 16. a4 (16. Nb3
{this just seems like a possible move,just fighting over the c5 square, when I
beileve white can play in one of his next moves} Nh5 17. Rfd1 $1 $14) 16... a6
17. axb5 (17. Nb3 $5) 17... axb5 18. Rfd1 Bf8 {I think exchanging the "a" pawn
is in black's favour since his "a" pawn was quite a weakness for him} 19. c4 b4
(19... bxc4 $2 20. Bxc4 {[%csl Rc6]}) 20. Nb3 {[%csl Gc5]} Nd7 21. Kf1 Rec8 22.
Ke1 c5 23. Rxa8 Rxa8 24. Ra1 Rxa1+ 25. Nxa1 $11 {now the position is just a
draw,I think white should look carefully on Nb3 on move 16 and also 17 I think
they could have give him a slight advantage} Nb6 26. b3 Nd7 {[%cal Gd7b8,Gb8c6,
Gc6d4]} 27. Nc2 Nb8 28. Bd1 Nc6 29. Kd2 f6 30. Ne1 Kf7 31. Nd3 Nd4 32. f4 Bd6
33. fxe5 fxe5 34. Bxd4 exd4 (34... cxd4 $2 35. c5 Bc7 36. Kc2 $1 {[%csl Rb4,
Re5]} (36. Nxb4 $4 Ba5 $19)) 35. Bg4 (35. e5 Be7 36. Bf3 Bf5) 35... Bxg4 36.
hxg4 Ke6 37. Ke2 g5 38. Kf3 Bf8 39. e5 Be7 40. Ke4 Bf8 41. Ne1 1/2-1/2

[Event "Ubeda"]
[Site "Ubeda"]
[Date "1997.02.10"]
[Round "3"]
[White "Almasi, Zoltan"]
[Black "Khalifman, Alexander"]
[Result "0-1"]
[WhiteElo "2595"]
[BlackElo "2650"]
[Annotator "Blatny,P"]
[PlyCount "72"]
[EventDate "1997.02.07"]
[EventType "tourn"]
[EventRounds "11"]
[EventCountry "ESP"]
[EventCategory "16"]
[SourceTitle "CBM 058"]
[Source "ChessBase"]
[SourceDate "1997.06.01"]
[SourceVersion "1"]
[SourceVersionDate "1997.06.01"]
[SourceQuality "1"]

1. e4 {Ftacnik Petursson Khalifman} e5 2. Nf3 Nc6 3. Bb5 a6 4. Ba4 Nf6 5. O-O
Be7 6. Re1 b5 7. Bb3 O-O 8. c3 d5 9. exd5 Nxd5 10. Nxe5 Nxe5 11. Rxe5 c6 12. d3
Bd6 13. Re1 Qh4 {13. - Bf5! (Nunn)} 14. g3 Qh3 15. Re4 {against 15. - Bg4.} Qd7
{15. - g5 doesn`t work now as the R at e4 is protected after 16.Bxg5 Qf5 
(compare with the situation if White had played 16.d4). Possible is instead 15.
- Bb7, 15. - Bd7, 15. - Nf6 or 15. - Qf5.} 16. Nd2 (16. Re1 Qh3 17. Re4 Qd7 18.
Nd2 $1 Bb7 19. Re1 {Recommended by De Firmian and stronger than 19.Nf3 c5 as
in De Firmian-Wahls, Biel 1990.} c5 20. Ne4 $14 Be7 21. Bg5 Rad8 (21... f5 22.
Qh5 $1 h6 23. Bxe7 Qxe7 24. Nd2) 22. Bxe7 Qxe7 23. Qh5 g6 24. Qg5 f6 25. Qh4
Ba8 26. Re2 Kh8 27. Rae1 Nb6 28. Qh6 Qb7 29. f3 c4 30. Ng5 $1 {1-0 Smagin,
S-Nunn,J/Dortmund-A 1991}) 16... Bb7 (16... f5 $6 17. Re1 Kh8 18. f4 $1 g5 19.
Nf3 gxf4 20. Bxd5 cxd5 21. Bxf4 $16) 17. Qf1 {Ivanchuk} (17. Nf3 c5 18. a4 b4
19. Ne5 Qc7 20. Nc4 bxc3 21. Qf1 Be7 22. bxc3 Bf6 23. Bb2 Nxc3 24. Ree1 Bd4 25.
Ne3 Qc6 26. Ng2 Rab8 27. Ra3 Rfe8 28. Bxc3 Bxc3 29. Rb1 Ba8 30. h3 Bb2 31. Ra2
Rxb3 32. Raxb2 Rxb2 33. Rxb2 Qxa4 34. Qc1 Qc6 35. f4 h6 36. Kh2 Rd8 37. Qc3 Qd5
38. Rc2 Rc8 39. Qc4 Qxc4 40. Rxc4 Bd5 41. Rc2 a5 {De Firmian,N-Wahls,M/Biel
1990/0-1 (57)}) (17. Re1 c5 (17... Kh8 18. Ne4 Rae8 19. Bxd5 cxd5 20. Nxd6 Qxd6
21. Bf4 Qd7 22. d4 Re4 23. Qd2 Rfe8 24. f3 R4e6 25. Kf2 Kg8 26. g4 Bc6 27. g5
Rxe1 28. Rxe1 Rxe1 29. Qxe1 Qe8 30. Be5 Qe6 31. Kg2 Bd7 32. Kf2 Qf5 33. Qd2 Qb1
34. a3 Qf5 35. h4 Qh3 36. Bg3 Qf5 37. h5 f6 38. gxf6 Qxf6 39. Qe3 Kf7 40. Kg2
Qf5 41. Bd6 Qe6 42. Qf4+ Qf5 43. Qh4 Qf6 44. Qg3 Qf5 45. Qh4 Qf6 46. Qxf6+ gxf6
47. Kg3 Bf5 48. Kf4 Bd3 49. Ke3 Bc4 50. Kf4 {1/2-1/2 Schlenker,J-Kempter,R/
Krumbach op 1991}) 18. Ne4 Be7 19. f3 $6 {N} (19. Bg5 f6 (19... Rad8 $6 {
Khalifman} 20. Bxe7 Qxe7 21. Qh5 $16 {Smagin-Nunn/Dortmund/1991/}) 20. c4 (20.
Be3 Rac8 21. Nd2 (21. Qh5 Kh8 22. Rad1 g6 23. Qh6 Qc6 24. f3 Nxe3 25. Rxe3 c4
26. dxc4 bxc4 27. Bxc4 Qxc4 28. Rd7 Rf7 {0-1 Agnos,D-Ulak,S/Pardubice Komercni
Banka op (08)/1996 (33)}) 21... Kh8 22. d4 c4 23. Bc2 f5 24. Qh5 Qc6 25. f3 g6
26. Qh6 Bf6 27. a3 a5 28. Bg5 Bg7 29. Qh3 b4 30. axb4 axb4 31. Bh6 Rfe8 32.
Bxg7+ Kxg7 33. Nf1 bxc3 34. bxc3 Nxc3 35. g4 Ne2+ 36. Kf2 Nxd4 37. Ba4 Qc5 38.
Bxe8 Nxf3+ 39. Ne3 f4 40. g5 fxe3+ 41. Rxe3 Nxg5 42. Qd7+ Kh6 43. h4 Ne4+ 44.
Ke2 Qh5+ 45. Kf1 Rxe8 {0-1 Anka,E-Von Buelow,G/Hamburg op 1992}) (20. Bd2 {
Khalifman} Kh8 21. c4 Nb4 22. Bxb4 cxb4 23. cxb5 f5 $17 {Svidler,P-Sokolov,I/
Groningen/1996/} (23... f5 {Ftacnik} 24. Nd2 axb5 25. Re6 $2 Bf6 26. Nf3 f4 {
0-1 Svidler,P-Sokolov,I/Groningen (07) 1996 (32)})) 20... Nb4 $1 {N Leko,P} 21.
cxb5+ Kh8 22. Be3 Nxd3 $17) (19. Qh5 $5) (19. d4 c4 20. Bc2 h6 21. f3 f5 22.
Nf2 Bd6 23. Bd2 Rae8 24. Rxe8 Rxe8 25. Qf1 Ne3 26. Bxe3 Rxe3 27. Qh3 g6 28.
Qxh6 Qe6 29. Be4 {1-0 Kveinys,A-Wegner,H/Kuopio op 1992}) (19. Qh5 Kh8 20. Ng5
Nf6 21. Qh3 Qc6 22. f3 c4 23. dxc4 (23. Rxe7 {Khalifman} Qc5+ 24. Re3 cxb3 25.
Ne4 Nxe4 26. fxe4 f5 $44) 23... bxc4 24. Bc2 Bc5+ 25. Kf1 h6 26. Ne4 Ba7 27. g4
Rae8 28. g5 Nd5 29. gxh6 g6 30. Bg5 f5 31. Nd2 Ne3+ 32. Bxe3 Rxe3 33. Qg3 Rf6 {
1/2-1/2 Anand,V-Ivanchuk,V/London PCA 1994}) 19... Kh8 20. Bd2 f5 21. Nf2 f4 $1
(21... Rad8 $5) (21... Rad8 $5 {Ftacnik}) 22. Ne4 (22. Bxd5 fxg3 $1) 22... fxg3
23. hxg3 Qh3 24. Qe2 c4 $1 25. Bc2 (25. dxc4 Nxc3 $1 26. Qg2 $1 Qxg2+ 27. Kxg2
Nxe4 28. fxe4 Rad8 $17) 25... cxd3 26. Bxd3 Rad8 $1 (26... Nf6 27. Qg2 Qxg2+
28. Kxg2 Rad8 29. Nf2 Ng4 30. Rxe7 Bxf3+ 31. Kg1 Nxf2 32. Kxf2 Rxd3 33. Bf4 $10
) 27. Qf1 Qh5 (27... Qxf1+ $6 28. Bxf1 Rxf3 29. Bg2 Rd3 30. Re2 $10) 28. g4 $8
(28. Kg2 Bc8 $1 $19) 28... Qh4 $1 (28... Qe5 $6 29. Qh3 Nf4 30. Bxf4 Qxf4 31.
Nf2 Rxd3 32. Nxd3 Qc7 33. Rxe7 $1 Qxe7 34. Re1 $14) (28... Qf7 29. Ng5 $1) 29.
Rad1 (29. Re2 $5 Nxc3 $1 30. Rh2 Qxh2+ 31. Kxh2 Nxe4 32. Be3 Rxd3 33. Qxd3 Rxf3
$17) 29... Nf4 $1 (29... h5 $2 30. Re2 $1 Ne3 31. Rxe3 $1 Rxd3 32. Qxd3 Bc5 33.
Be1 Qh3 34. Ng5 $18) (29... Nf6 $4 30. Bg5 $18) 30. Bxf4 Rxf4 31. Qf2 Rdf8 $2
32. Qxh4 Bxh4 33. Rf1 Rxf3 34. Rxf3 Rxf3 35. Rf1 $1 $10 Rxf1+ 36. Kxf1 Be7 37.
Ke2 g6 38. Ke3 Kg7 39. a3 Bc8 40. Kf4 Bd8 41. c4 Bc7+ 42. Kf3 bxc4 43. Bxc4 Bb7
44. b4 {1/2-1/2 Leko,P-Sokolov,I/Groningen 1995}) 17... c5 18. Re1 Kh8 19. a4 (
19. Bd1 f5 20. Nf3 (20. a4 b4 $44) 20... f4 $44) (19. Ne4 Be7 20. a4 f5 $44)
19... Nf4 $1 $146 (19... b4 20. Ne4 bxc3 (20... f5 $2 21. Bxd5 Bxd5 22. Nxd6
Qxd6 23. Bf4 $16) 21. bxc3 Qc6 $1) (19... f5 20. axb5 axb5 21. Rxa8 Bxa8 22.
Bd1 g5 $6 (22... f4 $142 $14 {Khalifman Ivanchuk}) 23. Nf3 $16 {Ivanchuk,
V-Sokolov,I/Amsterdam /1996/} (23. Nf3 {Ftacnik} g4 24. Ne5 Qb7 25. f3 Kg7 26.
Qf2 Qc7 27. Qd2 $1 Bxe5 28. Qh6+ Kf7 29. Qxh7+ {1-0 Ivanchuk,V-Sokolov,I/
Amsterdam Donner (07)/1996 (37)})) 20. Ne4 (20. f3 Nxd3 (20... c4 21. gxf4 (21.
dxc4 Bc5+ 22. Kh1 Nd3 23. Re2 Rae8 $44) 21... cxb3 22. Nxb3 (22. axb5 {
Khalifman} Bxf4 $44) 22... bxa4 $44) (20... Ng6 $5 $44 {Khalifman}) (20... Nh3+
{Petursson} 21. Kh1 Ng5 22. axb5 (22. Ne4 {Ftacnik} Nxf3 $1 23. Qxf3 f5 $13) (
22. Qf2 f5 $44) 22... axb5 23. Rxa8 Bxa8 24. Bd1) 21. Qxd3 c4 22. Bxc4 (22.
Nxc4 $4 Bc5+ $19) 22... bxc4 23. Qxc4 Rac8 (23... f5 $5 {Khalifman}) 24. Qf1
Bc5+ $44) 20... Nh3+ 21. Kh1 (21. Kg2 $2 {Petursson} f5) 21... c4 (21... Nxf2+
22. Qxf2 f5 23. Qe2 (23. Qg2 c4 (23... fxe4 {Ftacnik} 24. dxe4 Rae8 $13) 24.
Bc2 Rae8 (24... cxd3 25. Bxd3 fxe4 (25... Bc5 26. Bc2 Rae8 27. Bf4 $13) 26.
Bxe4 Rae8 27. Bd2 Rxe4 28. Rxe4 Bc5 29. Bf4 Qd3 30. Rae1 bxa4 $15) 25. d4 (25.
Bd2 cxd3 26. Bxd3 Bc5 $36) 25... fxe4 26. Be3 $13) 23... c4 24. dxc4 (24. Bc2
cxd3 25. Qxd3 fxe4) 24... Bxe4+ 25. Kg1 Bb7 $17) 22. dxc4 (22. Bd1 $142 Nxf2+ (
22... cxd3 23. Bf3 Qf5 24. Kg2 $13) 23. Qxf2 f5 24. Bf3 fxe4 25. dxe4 Rae8 26.
Qe2 Bxg3 27. hxg3 Qh3+ 28. Qh2 $11 (28. Qh2 $11 {Khalifman} Rxe4 $145 29. Be3
Qxh2+ 30. Kxh2 Rxf3 31. Bd4)) (22. Bc2 cxd3 23. Bxd3 Bxg3 (23... Nxf2+ {
Petursson} 24. Qxf2 f5 25. Qd4 fxe4 26. Bxe4 Rae8 27. Bf4 Rxe4 28. Rxe4 Bxf4
29. Qxd7 Bxe4+ 30. Kg1 Be3#) 24. hxg3 (24. fxg3 {Ftacnik} Qxd3 25. Qxd3 Nf2+
26. Kg1 Nxd3 27. Re3 Bxe4 28. Rxe4 Rae8 $15) 24... Qxd3 25. Qxd3 (25. Qxh3
Bxe4+ 26. Kg1 $17) 25... Nxf2+ $19) 22... Nxf2+ $1 (22... Bc5 {Petursson} 23.
f3 Bxe4 24. fxe4 Nf2+ 25. Kg1 $16 {Here Black doesn't have a good way to
exploit the discovered check.} (25. Kg1 {Ftacnik} Nxe4+ 26. Kg2 Nf2 $13) (25.
Kg2 Qh3+ 26. Kf3 Qg4+ 27. Kg2 Qh3+ $11)) 23. Qxf2 f5 24. Qd4 $2 (24. axb5 $2
fxe4 25. Qe3 Rf3 {/\e3} (25... Rf3 {Khalifman} 26. Qd4 e3 $19) (25... Bc5 {
Petursson} 26. Qxc5 e3+ 27. Kg1 Qh3 28. Qd5 Rf2 {and mates})) (24. Bf4 fxe4 25.
Qe3 Rxf4 26. gxf4 Bxf4 27. Rad1 (27. Qxf4 e3+ 28. Kg1 Qc6 $19) 27... Qxd1 28.
Bxd1 Bxe3 29. Rxe3 bxc4) (24. Be3 $1 Qe6 (24... Bxe4+ 25. Kg1 Bb7 26. cxb5 axb5
27. Rad1 {/\Bd5} (27. Rad1 {Khalifman} Qc6 $140 $2 28. Bd5)) 25. Bc2 fxe4 26.
Qe2 bxc4 $15) (24. cxb5 {Ftacnik} fxe4 25. Qe3 (25. Qg2 Rf2 26. Qxf2 e3+ 27.
Qg2 Bxg3 28. Rxe3 Qf5 $1 $19) 25... Bc5 26. Qxc5 e3+ 27. Bd5 Bxd5+ 28. Kg1 Rf2
$1 29. Bxe3 Qh3 $19) 24... fxe4 (24... Bxe4+ {Petursson} 25. Rxe4 fxe4 26. Bf4
$13) 25. Be3 (25. c5 {Ftacnik} e3+ 26. Kg1 Qh3 27. Bd5 Rf2 $19) 25... Qh3 $3 {
/\Bg3 /\ 26...B:g3; 26...Rf2!} (25... Rf2 $5 {Petursson This interesting move
is 2nd best} 26. Rf1 $1 (26. Bxf2 e3+ 27. Kg1 Qh3 $19) (26. c5 Qg4 27. Bxf2
Qf3+ 28. Kg1 e3 $19) 26... Rxb2 27. Rfb1 $15) 26. Qxd6 (26. Kg1 Bxg3 27. Re2 (
27. hxg3 {Ftacnik} Qxg3+ 28. Kh1 Rf2 $19) (27. Qd2 Bxe1 28. Rxe1 Rad8 $19)
27... Rf3 {/\ 28...Raf8-+} 28. Rg2 Rxe3 29. Qxe3 Bxh2+ 30. Kf2 Rf8+ $19) (26.
Qd2 Bxg3 27. Qg2 Qxg2+ 28. Kxg2 Bxe1 29. Rxe1 bxc4 30. Bxc4 Rac8 31. b3 Rc6)
26... Rf2 27. Bxf2 e3+ 28. Qd5 Bxd5+ 29. cxd5 exf2 30. Rf1 Rf8 31. axb5 (31. d6
{Ftacnik} Qf5 32. Kg2 Qf3+ 33. Kh3 Rf6 $19) 31... Qg4 (31... h5 $1 {Khalifman}
32. Z0 h4 33. gxh4 Qf3#) 32. Kg2 (32. Bd1 {Ftacnik} Qe4+) 32... Qf3+ (32...
Qe4+ {Khalifman} 33. Kh3) 33. Kh3 Rf5 34. Ra4 Rh5+ 35. Rh4 Rxh4+ 36. Kxh4 Qe2 (
36... Qe2 {Ftacnik} 37. Rxf2 Qxf2 38. bxa6 Qxh2+ 39. Kg4 Qxb2 $19) 0-1

[Event "Ubeda"]
[Site "Ubeda"]
[Date "1997.02.12"]
[Round "4"]
[White "Beliavsky, Alexander G"]
[Black "Khalifman, Alexander"]
[Result "1-0"]
[WhiteElo "2665"]
[BlackElo "2650"]
[Annotator "Beliavsky,A"]
[PlyCount "69"]
[EventDate "1997.02.07"]
[EventType "tourn"]
[EventRounds "11"]
[EventCountry "ESP"]
[EventCategory "16"]
[SourceTitle "CBM 058"]
[Source "ChessBase"]
[SourceDate "1997.06.01"]
[SourceVersion "1"]
[SourceVersionDate "1997.06.01"]
[SourceQuality "1"]

1. d4 {Huzman} Nf6 2. c4 g6 3. Nc3 Bg7 4. e4 d6 5. h3 O-O 6. Bg5 Nbd7 7. Nf3 e5
8. d5 h6 9. Be3 Nc5 10. Nd2 a5 11. a3 $1 (11. g4 Bd7 12. f3 (12. Qc2 h5 (12...
c6 {Huzman} 13. Nb3 Nxb3 14. axb3 cxd5 15. cxd5 Nh7 16. Qd2 Qh4 $132 {Arbakov,
V-Golubev,M/Berliner Sommer 1993/0-1 (60)}) 13. f3 Nh7 $11 {Gheorghiu,F-Stein,
L/Hastings/1967/}) 12... h5 $13) (11. Be2 c6 (11... Bd7 {Huzman} 12. Qc2 Nh7
13. Nb3 Nxb3 14. axb3 f5 15. Bd3 Kh8 16. O-O-O f4 17. Bd2 Nf6 $14 {Barbero,
G-Jacimovic,D/Moscow olm ARG-FRM 1994/1/2-1/2 (61)}) (11... Nh7 12. h4 f5 13.
h5 Qf6 14. Qc2 Na6 15. f3 f4 16. Bf2 g5 17. O-O-O Qf7 18. Nf1 Nf6 19. g4 fxg3
20. Nxg3 Ng4 21. fxg4 Qxf2 $11 {1/2-1/2 Yermolinsky,A-Hellers,F/New York
Hudson 1993 (24)}) 12. a3 Ne8 13. b4 axb4 14. axb4 Rxa1 15. Qxa1 Na6 16. Qa3
cxd5 17. cxd5 f5 $13 {Suba,M-Dolmatov,S/Sevilla/1993/}) 11... Ne8 12. b4 axb4 (
12... Na6 {Huzman} 13. Nb3 $16) 13. axb4 Rxa1 14. Qxa1 Na6 15. Qa3 f5 16. Nb3 {
The white continue the attack at the queen's side and neutralize counterplay
of the black at the king's side.The white king may move to the queen's side in
the case of danger.} Nb8 $2 (16... b6 17. c5 bxc5 18. bxc5 Nxc5 19. Nxc5 dxc5
20. Bxc5 Nd6 21. Bd3 $14) (16... c6 $142 {Huzman} 17. dxc6 bxc6 18. b5 Nb8 19.
Be2 $16 (19. Qa7 $5)) 17. c5 Nd7 18. Na5 Ndf6 19. c6 $1 $16 bxc6 (19... b6 20.
Nb7 Qe7 21. Qa8 f4 22. Bd2 Bh8 23. Qxc8 Ng7 24. Nd8 Rxd8 25. Qb7 $16) 20. Nxc6
Qd7 21. Qa8 {/\ 22.Q:c8} Kh7 22. Bb5 $1 f4 (22... Nxe4 23. Nxe4 fxe4 24. Na7
$18) 23. Bd2 f3 24. g4 (24. g3) (24. gxf3 {Huzman} Nh5 25. Na7 Qf7 26. Qxc8
Qxf3 27. Rh2 $18) 24... Nxg4 25. Na7 $18 Qe7 26. hxg4 (26. Qxc8 {Huzman} Nxf2
27. Kxf2 Qh4+ 28. Kf1 Nf6 29. Qe6 Qg3 30. Rg1 Qh2 $132 {[%cal Gf3f2]}) 26...
Bxg4 27. Nc6 Qf7 28. Qd8 (28. Kd1 $18) 28... Bf6 29. Qb8 (29. Rxh6+ {Huzman}
Kg7 30. Qb8 $18) 29... h5 30. Qa7 Bg7 31. Kd1 $1 Nf6 32. Kc2 Nxe4 33. Nxe4 Bf5
(33... Qxd5 34. Nc3 Bf5+ 35. Kc1 Qb3 36. Qa4 $18) 34. Bd3 Qxd5 35. Ne7 1-0